000 01470nam0a2200325 4500
001 RU\NLR\bibl\194434
005 20250619090958.0
035 _a(NLR Aleph) 000190921
090 _a1104150
_c1104150
100 _a20011019d1991 |||y0rusy50 ca
101 0 _arus
102 _aRU
105 _ay |||||||||
200 1 _aСуперпамять
_eДревнее искусство мнемотехники
_fЮ.Р. Шейх-Заде
_gМежрегион. ассоц. делового сотрудничества "Знание", Фирма "Дел-Центр"
210 _aКраснодар
_cМежрегион. ассоц. делового сотрудничества "Знание"
_cФирма "Дел-Центр"
_d1991
215 _a20,[1] с.
_d20
300 _aЗагл. обл.: Суперпамять: древняя методика мнемотехники
300 _aНа 2-й с . авт.: Д.м.н. Ю.Р. Шейх-Заде
512 0 _aСуперпамять: древняя методика мнемотехники
606 0 _aПамять
_xРазвитие
_91814920
_3RU\NLR\auth\66819162
686 _aЮ935.12
700 1 _aШейх-Заде
_bЮ. Р.
_gЮрий Решадович
_4070
801 0 _aRU
_bNLR
_c20011019
_gPSBO
801 1 _aRU
_bNLR
_c20011019
830 _aАвт. раскрыт по ГАК
852 _aNLR
_j2000-4/5339
942 _cBOOK
980 _aNB